| 000 | 01130nam a2200313 a 4500 | ||
|---|---|---|---|
| 001 | 000112513 | ||
| 003 | CHAP | ||
| 005 | 20220329144310.0 | ||
| 008 | 160607s2016 mx a fsm |||||||spa d | ||
| 010 | _a108974 | ||
| 011 | _a109946 | ||
| 040 | _cCHAP | ||
| 090 | _aTesis | ||
| 100 | 1 |
_aPeña Rodríguez, Aarón _9130844 |
|
| 245 | 1 | 0 |
_aPronóstico de caudales medios diarios con redes neuronales artificiales en el río Turbio, Guanajuato/ _h[En línea] _cpor Aarón Peña Rodríguez. |
| 260 |
_aChapingo, Méx. : _bEl autor, _c2016. |
||
| 500 | _aPara ver el contenido del material haga clic en la liga | ||
| 502 | _aTesis (Ing. en Irrigación) -- UACH. Departamento de Irrigación | ||
| 590 |
_aE6096MTM _b05 _c20160607 _lUCH01 _h1459 |
||
| 590 |
_aE6096MTM _b05 _c20160607 _lUCH01 _h1500 |
||
| 590 |
_aE6096MTM _b05 _c20160608 _lUCH01 _h1105 |
||
| 650 | 1 | 4 |
_aInundaciones _zGuanajuato. _9130055 |
| 650 | 1 | 4 |
_aModelos neurológicos. _976420 |
| 650 | 1 | 4 |
_aRedes neuronales artificiales. _995387 |
| 856 |
_aFinding aid _uhttp://10.13.5.2/tesis/sist112513.pdf _zTeclea aquí |
||
| 901 | _aBK | ||
| 942 | _cTESIS | ||
| 942 | _n0 | ||
| 999 |
_c108974 _d108974 |
||